000 00428nam a2200181Ia 4500
001 1199
005 20260306140614.0
008 260306t2009||||xx |||||||||||||| ||spa||
041 _aESP
082 _a189
_bG45
100 _aGilson, Étienne
_eAUT
245 0 _aIntroducción a la filosofía cristiana
260 _c2009
300 _a157 páginas :
_c23 cm.
650 _aGEN
654 _aCHU
942 _cLIB
_dJUS
_fJUS
_2ddc
_n
999 _c1199
_d1199